[Event "21. SCHACHFESTIVAL BASEL 2019 -- GENERAL"]
[Site "?"]
[Date "2019.01.02"]
[Round "1.1"]
[White "Jedrinovic, Vitomir"]
[Black "Mueller, Thomas"]
[Result "0-1"]
[WhiteElo "1675"]
[BlackElo "1999"]
[PlyCount "106"]
[EventDate "2019.01.02"]

1. e4 e6 2. d4 d5 3. e5 c5 4. c3 Qb6 5. Nf3 Bd7 6. Be2 Bb5 7. O-O Nc6 8. Bxb5
Qxb5 9. a4 Qb6 10. a5 Qc7 11. dxc5 Bxc5 12. b4 Be7 13. Re1 a6 14. Bb2 Nh6 15.
Bc1 Nf5 16. g4 Nh4 17. Nbd2 Nxf3+ 18. Nxf3 Rc8 19. Bd2 Na7 20. Qa4+ Qd7 21.
Qxd7+ Kxd7 22. Nd4 Rc4 23. h3 Rhc8 24. Rab1 Nb5 25. Nxb5 axb5 26. Ra1 R8c6 27.
Ra3 d4 28. cxd4 Rxd4 29. Be3 Rd5 30. Rb3 Rxe5 31. Rd1+ Rd5 32. Rxd5+ exd5 33.
Rd3 Ke6 34. Bd2 Rc4 35. Re3+ Re4 36. Rb3 d4 37. f3 Re2 38. Bf4 Kd5 39. Kf1 Rc2
40. Rb1 Kc4 41. Be5 f6 42. Bc7 Bxb4 43. Bb6 d3 44. h4 d2 45. Ke2 Rc1 46. Rxb4+
Kxb4 47. Kxd2 Rh1 48. h5 Kc4 49. Bc7 b4 50. Kc2 b3+ 51. Kb2 Rf1 52. f4 Rf2+ 53.
Kb1 Kc3 0-1

[Event "21. SCHACHFESTIVAL BASEL 2019 -- GENERAL"]
[Site "?"]
[Date "2019.01.02"]
[Round "1.2"]
[White "Gogniat, Michel"]
[Black "Stegert, Laurin"]
[Result "0-1"]
[WhiteElo "1993"]
[BlackElo "1661"]
[PlyCount "64"]
[EventDate "2019.01.02"]

1. d4 Nf6 2. Nf3 g6 3. c4 Bg7 4. Nc3 d6 5. g3 O-O 6. Bg2 c5 7. d5 a6 8. O-O
Nbd7 9. Re1 Ng4 10. e4 Nge5 11. Nxe5 Nxe5 12. Qe2 b5 13. cxb5 axb5 14. Nxb5 Ba6
15. a4 Qb6 16. Ra3 Rfb8 17. Bf1 Bxb5 18. axb5 Rxa3 19. bxa3 c4 20. a4 Qa5 21.
Rd1 Qxa4 22. f4 Nd3 23. Qd2 Bc3 24. Qe2 Rxb5 25. Qf3 Bd4+ 26. Kg2 Qc2+ 27. Qe2
Qa4 28. Rd2 Rb1 29. Ra2 Qb3 30. Ra8+ Kg7 31. Ba3 Ra1 32. Bb2 Qxb2 0-1

[Event "21. SCHACHFESTIVAL BASEL 2019 -- GENERAL"]
[Site "?"]
[Date "2019.01.02"]
[Round "1.3"]
[White "Willimann, Philipp"]
[Black "Weidt, Frank"]
[Result "0-1"]
[WhiteElo "1657"]
[BlackElo "1972"]
[PlyCount "84"]
[EventDate "2019.01.02"]

1. Nf3 f5 2. d4 Nf6 3. c4 e6 4. e3 d5 5. Nc3 c6 6. cxd5 exd5 7. Bd3 Be7 8. O-O
O-O 9. Qc2 Ne4 10. Qb3 Kh8 11. Ne5 Nd7 12. Nxd7 Qxd7 13. f3 Ng5 14. Ne2 b6 15.
Ng3 c5 16. Qc2 g6 17. b3 cxd4 18. Bb2 Ne6 19. e4 fxe4 20. fxe4 Bb7 21. Rxf8+
Rxf8 22. Rf1 dxe4 23. Rxf8+ Bxf8 24. Bxe4 Bg7 25. Qc4 b5 26. Qe2 Nf4 27. Qd2
Bxe4 28. Nxe4 Ne6 29. Qc2 a6 30. Qd2 Kg8 31. b4 Qd5 32. Qc2 Qc4 33. Qb3 Be5 34.
Nd2 Qxb3 35. Nxb3 Kf7 36. h3 Ke7 37. Kf1 Kd6 38. Nc1 Kd5 39. Nd3 Bd6 40. Ke2
Ke4 41. a3 Nf4+ 42. Nxf4 Bxf4 0-1

[Event "21. SCHACHFESTIVAL BASEL 2019 -- GENERAL"]
[Site "?"]
[Date "2019.01.02"]
[Round "1.4"]
[White "Chervet, Olivier"]
[Black "Mattmann, Peter"]
[Result "1-0"]
[WhiteElo "1968"]
[BlackElo "1642"]
[PlyCount "99"]
[EventDate "2019.01.02"]

1. d4 Nf6 2. Nc3 d5 3. Bf4 c6 4. e3 Bf5 5. f3 e6 6. g4 Bg6 7. h4 h6 8. Bd3 Bxd3
9. Qxd3 Bd6 10. Nge2 Na6 11. O-O-O Qe7 12. e4 Bxf4+ 13. Nxf4 Qc7 14. e5 Nd7 15.
g5 O-O-O 16. g6 Nf8 17. Rhg1 f6 18. Rde1 f5 19. Kb1 Qe7 20. h5 Nd7 21. Nce2 Nb6
22. b3 Rhe8 23. c3 Qa3 24. Qc2 Nc7 25. Nd3 Na6 26. Qb2 Qe7 27. Nef4 Kb8 28. a4
Rc8 29. Rc1 c5 30. a5 Nd7 31. Qa3 Qd8 32. Nf2 Rc6 33. b4 cxb4 34. cxb4 Rxc1+
35. Rxc1 Qe7 36. N2d3 Nc7 37. Qa4 a6 38. Nc5 Nxc5 39. bxc5 Nb5 40. Nd3 Qh4 41.
f4 Qxh5 42. c6 Qxg6 43. cxb7 Kxb7 44. Nc5+ Ka7 45. Nxa6 Kxa6 46. Rc6+ Ka7 47.
Qxb5 Qg1+ 48. Rc1 Qg6 49. Rc7+ Ka8 50. Qb7# 1-0

[Event "21. SCHACHFESTIVAL BASEL 2019 -- GENERAL"]
[Site "?"]
[Date "2019.01.02"]
[Round "1.5"]
[White "Mohr, Bernhard"]
[Black "Jud, Marc"]
[Result "0-1"]
[WhiteElo "1639"]
[BlackElo "1949"]
[PlyCount "64"]
[EventDate "2019.01.02"]

1. e4 c5 2. Nf3 d6 3. d4 cxd4 4. Nxd4 Nf6 5. Nc3 a6 6. Be3 e6 7. f3 Be7 8. Qd2
O-O 9. O-O-O b5 10. g4 Bb7 11. h4 Nc6 12. h5 Nd7 13. Rg1 Nde5 14. f4 Nxd4 15.
Bxd4 Nf3 16. Qg2 Nxg1 17. Bd3 Nh3 18. Qxh3 b4 19. Ne2 e5 20. h6 g6 21. fxe5
dxe5 22. Bxe5 Qa5 23. Bg7 Qxa2 24. Kd2 Bg5+ 25. Ke1 Rfe8 26. Qf3 Qe6 27. Ng3
Bh4 28. Kf1 Bxg3 29. Qxg3 Bxe4 30. b3 Rad8 31. Kf2 Bxd3 32. Rxd3 Qe1+ 0-1

[Event "21. SCHACHFESTIVAL BASEL 2019 -- GENERAL"]
[Site "?"]
[Date "2019.01.03"]
[Round "2.1"]
[White "Mueller, Thomas"]
[Black "Juciute, Einora"]
[Result "1-0"]
[WhiteElo "1999"]
[BlackElo "1803"]
[PlyCount "73"]
[EventDate "2019.01.02"]

1. d4 Nf6 2. Nf3 e6 3. e3 Be7 4. Bd3 d5 5. O-O O-O 6. b3 c5 7. Bb2 cxd4 8. exd4
Nc6 9. Ne5 Nb4 10. Be2 Ne4 11. a3 f6 12. Nd3 Nc6 13. Nd2 Nd6 14. Nf3 Nf5 15. b4
Bd6 16. Rc1 b5 17. Nc5 Qb6 18. Bd3 Nce7 19. Re1 Bd7 20. Qe2 e5 21. dxe5 fxe5
22. Bxe5 Bxe5 23. Qxe5 a5 24. Bxf5 Bxf5 25. Qxe7 Bg4 26. Re3 Rae8 27. Qxe8 Rxe8
28. Rxe8+ Kf7 29. Rce1 Bf5 30. R1e7+ Kf6 31. Re6+ Bxe6 32. Rxe6+ Qxe6 33. Nxe6
Kxe6 34. bxa5 Kd6 35. Nd4 Kc5 36. Kf1 g6 37. Ke2 1-0

[Event "21. SCHACHFESTIVAL BASEL 2019 -- GENERAL"]
[Site "?"]
[Date "2019.01.03"]
[Round "2.2"]
[White "Weidt, Frank"]
[Black "Lenders, Jean-Pierre"]
[Result "1/2-1/2"]
[WhiteElo "1972"]
[BlackElo "1794"]
[PlyCount "180"]
[EventDate "2019.01.02"]

1. d4 Nf6 2. Nf3 e6 3. Nc3 d5 4. Qd3 Nbd7 5. Bf4 Nh5 6. Bd2 Be7 7. e4 dxe4 8.
Qxe4 Nhf6 9. Qf4 Nd5 10. Qg3 Bf6 11. Nxd5 exd5 12. O-O-O Nf8 13. Bd3 Ne6 14. h4
Qd6 15. Qxd6 cxd6 16. Rde1 O-O 17. c3 Bd7 18. Ng5 Bxg5 19. hxg5 g6 20. Rh2 Kg7
21. f4 f5 22. gxf6+ Rxf6 23. f5 gxf5 24. g4 Nf8 25. gxf5 Bxf5 26. Re7+ Kg8 27.
Bxf5 Rxf5 28. Rxb7 Rf7 29. Rb5 Rf5 30. Be1 Re8 31. Bg3 Re6 32. Kc2 Rg6 33. Be1
Ne6 34. Rb8+ Rf8 35. Rb7 Rg7 36. Rb5 Rf5 37. Bd2 Ng5 38. Rb8+ Kf7 39. Bxg5
Rfxg5 40. Rf2+ Ke6 41. Re2+ Kd7 42. a4 Kc6 43. Rc8+ Kb7 44. Rh8 Rg2 45. Rxg2
Rxg2+ 46. Kb3 Rg7 47. Kb4 Ka6 48. Rd8 Rg6 49. Rf8 Kb6 50. a5+ Kc6 51. Ra8 Rg7
52. Rc8+ Rc7 53. Rf8 Rb7+ 54. Ka3 Rd7 55. b4 a6 56. Ka4 Ra7 57. Rh8 Rg7 58. Rb8
Ra7 59. Rb6+ Kc7 60. b5 axb5+ 61. Rxb5 Kc6 62. Rb8 Kc7 63. Rh8 Kc6 64. Rf8 Rd7
65. Rf5 h6 66. Rh5 Rh7 67. a6 Ra7 68. Ka5 Rh7 69. Rh1 h5 70. Rh4 Rh8 71. a7 Kb7
72. Kb5 Kxa7 73. Kc6 Rh6 74. Rh1 h4 75. Rh3 Kb8 76. Kxd5 Kc7 77. c4 Kd7 78. Ke4
Ke6 79. Kf4 Kf6 80. Kg4 Rg6+ 81. Kh5 Rg3 82. Rxh4 Rg5+ 83. Kh6 Rg6+ 84. Kh7
Rg7+ 85. Kh8 Rc7 86. Rh6+ Kf5 87. Rxd6 Rxc4 88. Kg7 Ke4 89. Kf6 Rxd4 90. Rxd4+
Kxd4 1/2-1/2

[Event "21. SCHACHFESTIVAL BASEL 2019 -- GENERAL"]
[Site "?"]
[Date "2019.01.03"]
[Round "2.3"]
[White "Lesniak, Julien"]
[Black "Chervet, Olivier"]
[Result "0-1"]
[WhiteElo "1786"]
[BlackElo "1968"]
[PlyCount "82"]
[EventDate "2019.01.02"]

1. e4 c5 2. Nf3 Nc6 3. Bb5 g6 4. O-O Bg7 5. Bxc6 dxc6 6. d3 Nf6 7. Nc3 Bg4 8.
h3 Bxf3 9. Qxf3 Nd7 10. Bf4 e5 11. Be3 b6 12. Qg3 Qe7 13. f4 exf4 14. Bxf4 Be5
15. Bxe5 Qxe5 16. Qxe5+ Nxe5 17. b3 Ke7 18. Rf2 f6 19. Raf1 Rhf8 20. Ne2 Rad8
21. Kh2 Rd6 22. Ng1 Ke6 23. Nf3 Nxf3+ 24. Rxf3 Ke5 25. Kg3 b5 26. c3 Rfd8 27.
Rd1 a5 28. c4 bxc4 29. bxc4 Rd4 30. Kf2 Rxc4 31. Ke2 Rc2+ 32. Rd2 Rxd2+ 33.
Kxd2 c4 34. Kc3 cxd3 35. Rxd3 Rxd3+ 36. Kxd3 Kf4 37. Kd4 Kg3 38. Kc5 Kxg2 39.
Kxc6 Kxh3 40. Kd5 g5 41. Ke6 g4 0-1

[Event "21. SCHACHFESTIVAL BASEL 2019 -- GENERAL"]
[Site "?"]
[Date "2019.01.03"]
[Round "2.4"]
[White "Jud, Marc"]
[Black "Brandt, Daniel"]
[Result "1-0"]
[WhiteElo "1949"]
[BlackElo "1785"]
[PlyCount "69"]
[EventDate "2019.01.02"]

1. e4 c5 2. Nf3 e6 3. d4 cxd4 4. Nxd4 a6 5. Nc3 Qc7 6. Bd3 Bc5 7. Nb3 Be7 8.
Be3 Nf6 9. a3 d6 10. O-O O-O 11. f4 Nbd7 12. g4 Nc5 13. Nxc5 dxc5 14. g5 Nd7
15. Qh5 g6 16. Qh6 Re8 17. Rf3 Bf8 18. Qh4 Bg7 19. e5 b5 20. Rh3 h5 21. gxh6
Bf8 22. h7+ Kh8 23. Ne4 Be7 24. Ng5 Bxg5 25. Qxg5 Qd8 26. Qxd8 Rxd8 27. Be4 Rb8
28. Rd1 Bb7 29. Bxb7 Rxb7 30. Bxc5 Re8 31. Bf2 Nf8 32. Bh4 Nxh7 33. Bf6+ Kg8
34. Rdd3 Rc8 35. Rxh7 1-0

[Event "21. SCHACHFESTIVAL BASEL 2019 -- GENERAL"]
[Site "?"]
[Date "2019.01.03"]
[Round "2.5"]
[White "Jovanovic, Aleksandar"]
[Black "Schaub, Marc"]
[Result "0-1"]
[WhiteElo "1780"]
[BlackElo "1947"]
[PlyCount "86"]
[EventDate "2019.01.02"]

1. e4 e5 2. Nf3 Nc6 3. Bb5 a6 4. Ba4 Nf6 5. d3 b5 6. Bb3 Bc5 7. O-O O-O 8. Bg5
d6 9. Bd5 Bd7 10. c3 h6 11. Be3 Bxe3 12. fxe3 Nxd5 13. exd5 Ne7 14. c4 c6 15.
e4 bxc4 16. dxc4 cxd5 17. cxd5 f5 18. exf5 Nxf5 19. Qe1 Qb6+ 20. Rf2 Ne3 21.
Qd2 Ng4 22. Nc3 Qxf2+ 23. Qxf2 Nxf2 24. Kxf2 Rab8 25. b3 Rbc8 26. Ne4 Bg4 27.
Ke3 Bxf3 28. gxf3 Rc2 29. h3 Rd8 30. a3 Kf8 31. b4 Rb2 32. Rd1 Rb3+ 33. Rd3
Rxd3+ 34. Kxd3 Ke7 35. a4 Rf8 36. Ke3 Rb8 37. b5 axb5 38. axb5 Rxb5 39. Nc3 Rb3
40. Kd3 Kf6 41. Kc4 Rxc3+ 42. Kxc3 Kf5 43. Kd3 Kf4 0-1

[Event "21. SCHACHFESTIVAL BASEL 2019 -- GENERAL"]
[Site "?"]
[Date "2019.01.03"]
[Round "3.1"]
[White "Tillmann, Marc"]
[Black "Mueller, Thomas"]
[Result "1/2-1/2"]
[WhiteElo "1885"]
[BlackElo "1999"]
[PlyCount "36"]
[EventDate "2019.01.02"]

1. d4 Nf6 2. c4 g6 3. Nc3 Bg7 4. e4 d6 5. Be2 Nbd7 6. Bg5 h6 7. Be3 c5 8. d5 b5
9. cxb5 a6 10. Qd2 axb5 11. Bxb5 Qa5 12. f3 Rb8 13. a4 O-O 14. Nge2 Ne5 15. O-O
Kh7 16. h3 Ba6 17. b3 g5 18. Rac1 Rfc8 1/2-1/2

[Event "21. SCHACHFESTIVAL BASEL 2019 -- GENERAL"]
[Site "?"]
[Date "2019.01.03"]
[Round "3.2"]
[White "Chervet, Olivier"]
[Black "Florin, Jon"]
[Result "1-0"]
[WhiteElo "1968"]
[BlackElo "1837"]
[PlyCount "85"]
[EventDate "2019.01.02"]

1. d4 d5 2. Nc3 Nf6 3. Bf4 c6 4. e3 Bf5 5. f3 e6 6. g4 Bg6 7. h4 h6 8. Bd3 Bxd3
9. Qxd3 Bd6 10. Bxd6 Qxd6 11. Nge2 Nbd7 12. O-O-O O-O-O 13. g5 hxg5 14. hxg5
Nh5 15. Rhg1 g6 16. f4 Rh7 17. Rdf1 Rdh8 18. e4 Ng7 19. Kb1 Rh3 20. Rf3 Rh2 21.
Ng3 Qe7 22. a3 Nb6 23. Nf1 R2h4 24. Ne3 Qc7 25. Rgf1 dxe4 26. Nxe4 Nd5 27. Nc4
Nf5 28. Ne5 Rh2 29. Rc1 R8h4 30. Rcf1 Ng7 31. Nxf7 Nxf4 32. Rxf4 Rxf4 33. Nfd6+
Kd7 34. Rxf4 Nf5 35. Qf1 Nxd6 36. Nc5+ Ke7 37. Rf6 Nf5 38. Rxe6+ Kf7 39. Rf6+
Ke8 40. Qe1+ Ne7 41. Qe6 b6 42. Qf7+ Kd8 43. Qf8# 1-0

[Event "21. SCHACHFESTIVAL BASEL 2019 -- GENERAL"]
[Site "?"]
[Date "2019.01.03"]
[Round "3.3"]
[White "Meier, Franz"]
[Black "Jud, Marc"]
[Result "1/2-1/2"]
[WhiteElo "1847"]
[BlackElo "1949"]
[PlyCount "33"]
[EventDate "2019.01.02"]

1. e4 c5 2. Nf3 d6 3. d4 cxd4 4. Nxd4 Nf6 5. Nc3 a6 6. f3 e6 7. Be3 Be7 8. Qd2
O-O 9. O-O-O b5 10. g4 Bb7 11. h4 Nc6 12. Nxc6 Bxc6 13. Ne2 Rc8 14. Ng3 Qc7 15.
g5 Nd7 16. Bf4 Ne5 17. Be2 1/2-1/2

[Event "21. SCHACHFESTIVAL BASEL 2019 -- GENERAL"]
[Site "?"]
[Date "2019.01.03"]
[Round "3.4"]
[White "Schaub, Marc"]
[Black "Bohrer, Ruth"]
[Result "1/2-1/2"]
[WhiteElo "1947"]
[BlackElo "1829"]
[PlyCount "91"]
[EventDate "2019.01.02"]

1. e4 e5 2. Nf3 Nc6 3. Bb5 Bc5 4. c3 Nf6 5. O-O O-O 6. d4 exd4 7. cxd4 Bb6 8.
Nc3 h6 9. e5 Ne8 10. a4 a5 11. Nd5 d6 12. Nxb6 cxb6 13. Be3 dxe5 14. Nxe5 Nb4
15. Bc4 Nd6 16. Bb3 Qf6 17. Rc1 Nf5 18. Rc7 Be6 19. Ng4 Qd8 20. Bxe6 fxe6 21.
Rxb7 Nd5 22. Ne5 Ndxe3 23. fxe3 Nxe3 24. Rxf8+ Qxf8 25. Qf3 Nf5 26. Rxb6 Nxd4
27. Qxf8+ Rxf8 28. Nf3 e5 29. Ra6 Nxf3+ 30. gxf3 Rxf3 31. Rxa5 Rf4 32. b3 e4
33. Re5 Kf7 34. a5 Kf6 35. Re8 Kf7 36. Re5 Kf6 37. Re8 Kf7 38. Rc8 e3 39. Rc2
Rb4 40. Rc3 Rb5 41. a6 Ra5 42. Rxe3 Rxa6 43. Kf2 Kf6 44. b4 Ra2+ 45. Kg3 Rb2
46. Re4 1/2-1/2

[Event "21. SCHACHFESTIVAL BASEL 2019 -- GENERAL"]
[Site "?"]
[Date "2019.01.03"]
[Round "3.5"]
[White "Manukonda, Arun"]
[Black "Peter, Raymond"]
[Result "1-0"]
[WhiteElo "1814"]
[BlackElo "1936"]
[PlyCount "77"]
[EventDate "2019.01.02"]

1. d4 Nf6 2. c4 e6 3. Nc3 Bb4 4. Qc2 O-O 5. Bg5 h6 6. Bh4 d5 7. Nf3 Be7 8. e3
Nc6 9. a3 a5 10. Bd3 Nh5 11. Bxe7 Nxe7 12. Ne5 c6 13. O-O f5 14. cxd5 exd5 15.
f4 Nf6 16. Rac1 Be6 17. Qb3 Rb8 18. Na4 Nd7 19. Nc5 Nxc5 20. Rxc5 Bf7 21. Bb1
g6 22. g4 Kg7 23. Kh1 Be6 24. Rg1 Rf6 25. Qc3 Ra8 26. Qe1 fxg4 27. Nxg4 Bxg4
28. Rxg4 Nf5 29. Qg1 Qe8 30. e4 dxe4 31. Re5 Qf7 32. Bxe4 Rd8 33. Bxf5 Rxf5 34.
Qe3 Rd7 35. Re6 Rf6 36. f5 g5 37. Rxg5+ Kh7 38. Rg6 Rxe6 39. Qxh6# 1-0

[Event "21. SCHACHFESTIVAL BASEL 2019 -- GENERAL"]
[Site "?"]
[Date "2019.01.04"]
[Round "4.1"]
[White "Iwanziw, Niklas"]
[Black "Chervet, Olivier"]
[Result "0-1"]
[WhiteElo "1909"]
[BlackElo "1968"]
[PlyCount "54"]
[EventDate "2019.01.02"]

1. d4 d5 2. c4 Nc6 3. Nc3 Nf6 4. Nf3 dxc4 5. e4 Bg4 6. Be3 e6 7. a3 Na5 8. Qa4+
c6 9. Nd2 b5 10. Qc2 Be7 11. f4 h6 12. h3 Bh5 13. f5 exf5 14. exf5 Qc7 15. g4
Bxg4 16. hxg4 Nxg4 17. Rh3 Bh4+ 18. Ke2 O-O 19. Rxh4 Nxe3 20. Kxe3 Nb3 21. Nxb3
Qg3+ 22. Kd2 Qxh4 23. Nc1 Qxd4+ 24. Ke1 Rfe8+ 25. N1e2 Qh4+ 26. Kd2 Rad8+ 27.
Kc1 Qe1+ 0-1

[Event "21. SCHACHFESTIVAL BASEL 2019 -- GENERAL"]
[Site "?"]
[Date "2019.01.04"]
[Round "4.2"]
[White "Manukonda, Arun"]
[Black "Molano Lafuente, Ismael"]
[Result "0-1"]
[WhiteElo "1814"]
[BlackElo "1935"]
[PlyCount "90"]
[EventDate "2019.01.02"]

1. d4 Nf6 2. c4 Nc6 3. Nc3 e5 4. dxe5 Nxe5 5. e3 Bb4 6. Nf3 Qe7 7. Be2 O-O 8.
O-O Bxc3 9. bxc3 c5 10. Nxe5 Qxe5 11. Rb1 Ne4 12. Bd3 b6 13. f3 Nxc3 14. Qc2
Nxb1 15. Bxh7+ Kh8 16. Qxb1 f5 17. Bg6 Qe6 18. Bh5 g6 19. f4 gxh5 20. Rf3 Bb7
21. Rh3 Rf6 22. Bb2 Kg8 23. Bxf6 Qxf6 24. Rxh5 Be4 25. Qd1 d5 26. Rg5+ Kf8 27.
h4 Qc3 28. Rg3 Ke7 29. cxd5 Rd8 30. d6+ Rxd6 31. Qh5 Kd8 32. Qf7 Rd7 33. Qe6
Kc7 34. h5 Qa1+ 35. Kh2 Qd1 36. Qe5+ Kb7 37. Rg5 Bxg2 38. Qxf5 Qh1+ 39. Kg3 Bc6
40. Rg6 Rd2 41. Rg7+ Ka6 42. Qc8+ Kb5 43. a4+ Kb4 44. f5 Rg2+ 45. Kf4 Rxg7 0-1

[Event "21. SCHACHFESTIVAL BASEL 2019 -- GENERAL"]
[Site "?"]
[Date "2019.01.04"]
[Round "4.3"]
[White "Mueller, Thomas"]
[Black "Meier, Franz"]
[Result "1/2-1/2"]
[WhiteElo "1999"]
[BlackElo "1847"]
[PlyCount "47"]
[EventDate "2019.01.02"]

1. d4 Nf6 2. Nf3 e6 3. e3 b6 4. Bd3 Bb7 5. Nbd2 c5 6. b3 cxd4 7. exd4 Be7 8.
Bb2 O-O 9. O-O Nc6 10. a3 Qc7 11. Ne5 d6 12. Ng4 Nd5 13. Qf3 f5 14. Ne3 Nf6 15.
Qe2 d5 16. Rfe1 Bd6 17. Nef1 Rae8 18. c4 Kh8 19. b4 Qf7 20. c5 bxc5 21. dxc5
Be7 22. b5 Nd8 23. c6 Bc8 24. a4 1/2-1/2

[Event "21. SCHACHFESTIVAL BASEL 2019 -- GENERAL"]
[Site "?"]
[Date "2019.01.04"]
[Round "4.4"]
[White "Weidt, Frank"]
[Black "Andjelkovic, Slavoljub"]
[Result "1-0"]
[WhiteElo "1972"]
[BlackElo "1833"]
[PlyCount "69"]
[EventDate "2019.01.02"]

1. Nf3 Nf6 2. d4 g6 3. Nc3 d5 4. Bf4 Bg7 5. Qd2 O-O 6. Bh6 Re8 7. Bxg7 Kxg7 8.
e3 c6 9. Bd3 Nbd7 10. Ne5 Qc7 11. f4 b5 12. O-O-O Nb6 13. Rdg1 Nc4 14. Qe2 Nd7
15. g4 f6 16. Nxd7 Bxd7 17. f5 e5 18. Qf2 b4 19. Nd1 g5 20. Rg3 Qa5 21. Kb1
exd4 22. exd4 b3 23. cxb3 Nd2+ 24. Kc1 Ne4 25. Bxe4 Rxe4 26. Nc3 Rf4 27. Qd2
Qb4 28. Rd1 Re8 29. h3 h5 30. h4 hxg4 31. hxg5 fxg5 32. Rh1 Rh8 33. f6+ Rxf6
34. Qxg5+ Rg6 35. Qe5+ 1-0

[Event "21. SCHACHFESTIVAL BASEL 2019 -- GENERAL"]
[Site "?"]
[Date "2019.01.04"]
[Round "4.5"]
[White "Jud, Marc"]
[Black "Bohrer, Ruth"]
[Result "1-0"]
[WhiteElo "1949"]
[BlackElo "1829"]
[PlyCount "97"]
[EventDate "2019.01.02"]

1. e4 d6 2. d4 g6 3. c4 Bg7 4. Nc3 Nf6 5. f3 O-O 6. Be3 Nbd7 7. Bd3 e5 8. d5 c6
9. Nge2 cxd5 10. cxd5 Nc5 11. Bc2 b6 12. O-O Nh5 13. b4 Na6 14. a3 f5 15. Rc1
fxe4 16. fxe4 Nc7 17. Bd3 Bd7 18. Qd2 Rc8 19. a4 Ne8 20. Rxf8+ Bxf8 21. Ba6 Rc7
22. a5 bxa5 23. bxa5 Nef6 24. h3 Be7 25. Rb1 Ne8 26. Bb7 Rc5 27. a6 Qa5 28. Qe1
Nf4 29. Bxc5 Nd3 30. Qg3 Qxc5+ 31. Kh2 Nb4 32. Qf3 Nc7 33. Rf1 Be8 34. Bc8
Nbxa6 35. Be6+ Nxe6 36. dxe6 Nc7 37. Nd5 Nxd5 38. exd5 Qc4 39. Rc1 Qa6 40. Rc7
Bf8 41. Ng3 Bh6 42. Ne4 Bf4+ 43. g3 Qa2+ 44. Qg2 Bxg3+ 45. Kxg3 Qa5 46. Nf6+
Kf8 47. Nxh7+ Kg8 48. Nf6+ Kf8 49. Rc8 1-0

[Event "21. SCHACHFESTIVAL BASEL 2019 -- GENERAL"]
[Site "?"]
[Date "2019.01.05"]
[Round "5.1"]
[White "Chervet, Olivier"]
[Black "Molano Lafuente, Ismael"]
[Result "1/2-1/2"]
[WhiteElo "1968"]
[BlackElo "1935"]
[PlyCount "23"]
[EventDate "2019.01.02"]

1. d4 d6 2. e4 Nf6 3. Nc3 e5 4. dxe5 dxe5 5. Qxd8+ Kxd8 6. Nf3 Bd6 7. Bc4 Be6
8. Bxe6 fxe6 9. Bg5 Nc6 10. O-O-O Ke7 11. Nb5 Rad8 12. c3 1/2-1/2

[Event "21. SCHACHFESTIVAL BASEL 2019 -- GENERAL"]
[Site "?"]
[Date "2019.01.05"]
[Round "5.2"]
[White "Tillmann, Marc"]
[Black "Weidt, Frank"]
[Result "1-0"]
[WhiteElo "1885"]
[BlackElo "1972"]
[PlyCount "123"]
[EventDate "2019.01.02"]

1. d4 Nf6 2. c4 c5 3. d5 e5 4. Nc3 d6 5. e4 Be7 6. Nf3 O-O 7. Be2 Ne8 8. a3 f5
9. b4 fxe4 10. Nxe4 Bf5 11. Bd3 Nd7 12. Be3 Bg4 13. Be2 Nef6 14. Nfd2 Bxe2 15.
Qxe2 Nxe4 16. Nxe4 b6 17. O-O Rf5 18. Qg4 Qf8 19. Ng3 g6 20. Nxf5 Qxf5 21. Qxf5
gxf5 22. bxc5 bxc5 23. Rfc1 Kf7 24. a4 Rb8 25. a5 Bd8 26. Bd2 Rb2 27. Bc3 Re2
28. Rab1 Bg5 29. Re1 Rc2 30. Rb3 Nf6 31. f3 Nh5 32. g3 f4 33. g4 Nf6 34. Reb1
Bh4 35. R1b2 Rc1+ 36. Kg2 h5 37. h3 hxg4 38. hxg4 Nh7 39. Rb7+ Kg6 40. Bd2 Rxc4
41. Rxa7 Ng5 42. Rd7 Nxf3 43. Kxf3 Kg5 44. Re7 Ra4 45. Rg7+ Kh6 46. Rbb7 e4+
47. Kxf4 Bg5+ 48. Rxg5 e3+ 49. Kxe3 Kxg5 50. Kf3+ Kg6 51. Rb6 Ra3+ 52. Ke2 Kf6
53. Rxd6+ Ke5 54. Rd8 Kd4 55. d6 Rh3 56. Rf8 Rh2+ 57. Rf2 Rh7 58. g5 c4 59. g6
Rd7 60. Bf4 c3 61. Rg2 c2 62. Kd2 1-0

[Event "21. SCHACHFESTIVAL BASEL 2019 -- GENERAL"]
[Site "?"]
[Date "2019.01.05"]
[Round "5.3"]
[White "Schaub, Marc"]
[Black "Stegert, Laurin"]
[Result "1-0"]
[WhiteElo "1947"]
[BlackElo "1661"]
[PlyCount "69"]
[EventDate "2019.01.02"]

1. e4 c5 2. a3 d6 3. Nf3 Nf6 4. Nc3 e6 5. d4 cxd4 6. Nxd4 a6 7. Bg5 Qb6 8. Be2
Nbd7 9. O-O Be7 10. Be3 Qc7 11. f4 b5 12. Bf3 Bb7 13. Nb3 O-O 14. g4 Nc5 15.
Nxc5 dxc5 16. g5 Rad8 17. Qe1 Nd7 18. Qf2 Nb6 19. b3 b4 20. axb4 cxb4 21. Nd1
Nd7 22. Nb2 Bc5 23. Nc4 Bxe3 24. Qxe3 Qc5 25. Kf2 a5 26. Rfd1 Qc7 27. e5 Bxf3
28. Qxf3 a4 29. bxa4 Qxc4 30. Rxd7 Qxc2+ 31. Kg3 b3 32. Rad1 h6 $4 33. Rxd8
Rxd8 34. Rxd8+ Kh7 35. Qd3+ 1-0

[Event "21. SCHACHFESTIVAL BASEL 2019 -- GENERAL"]
[Site "?"]
[Date "2019.01.05"]
[Round "5.4"]
[White "Mueller, Thomas"]
[Black "Jud, Marc"]
[Result "1-0"]
[WhiteElo "1999"]
[BlackElo "1949"]
[PlyCount "69"]
[EventDate "2019.01.02"]

1. d4 Nf6 2. Nf3 d5 3. c4 e6 4. Nc3 Be7 5. Bg5 O-O 6. e3 b6 7. cxd5 exd5 8. Be2
Bb7 9. O-O Ne4 10. Bxe7 Qxe7 11. Rc1 c6 12. Qa4 a5 13. Qb3 Nd7 14. Nxe4 dxe4
15. Nd2 Rfe8 16. Rfd1 Rab8 17. Bg4 Nf6 18. Bh3 b5 19. Rc5 a4 20. Qc2 Bc8 21.
Bxc8 Rbxc8 22. Rxc6 Rxc6 23. Qxc6 Qb4 24. Qc2 h5 25. a3 Qd6 26. Rc1 Ng4 27. Nf1
Qg6 28. h3 Nh6 29. Qc6 Re6 30. Qxb5 Nf5 31. Rc5 Nd6 32. Qxa4 Rf6 33. Qd1 Kh7
34. a4 h4 35. Qg4 1-0

[Event "21. SCHACHFESTIVAL BASEL 2019 -- GENERAL"]
[Site "?"]
[Date "2019.01.05"]
[Round "5.5"]
[White "Ledermann, Wolfgang"]
[Black "Iwanziw, Niklas"]
[Result "1/2-1/2"]
[WhiteElo "1814"]
[BlackElo "1909"]
[PlyCount "72"]
[EventDate "2019.01.02"]

1. e4 g6 2. d4 Bg7 3. Be3 d6 4. Bd3 Nc6 5. c3 e5 6. Ne2 f5 7. f4 fxe4 8. Bxe4
d5 9. Bc2 e4 10. O-O Nce7 11. Ng3 Nf6 12. Qe1 O-O 13. Bd1 Kh8 14. Na3 Ng4 15.
Nc2 Qd6 16. h3 Nxe3 17. Qxe3 c6 18. Ne2 Bh6 19. g4 Bd7 20. Ne1 Rf7 21. Ng2 Raf8
22. Bc2 Rg8 23. Rf2 g5 24. f5 Bxf5 25. Raf1 Rfg7 26. Rxf5 Nxf5 27. Rxf5 Rg6 28.
Qg3 Bf8 29. Qxd6 Bxd6 30. Ne3 Rf8 31. Kg2 Rgf6 32. c4 Bf4 33. Rxf6 Rxf6 34. Nf5
Bd2 35. Kf2 e3+ 36. Kf3 dxc4 1/2-1/2

[Event "21. SCHACHFESTIVAL BASEL 2019 -- GENERAL"]
[Site "?"]
[Date "2019.01.05"]
[Round "6.1"]
[White "Tillmann, Marc"]
[Black "Chervet, Olivier"]
[Result "1/2-1/2"]
[WhiteElo "1885"]
[BlackElo "1968"]
[PlyCount "80"]
[EventDate "2019.01.02"]

1. d4 d5 2. c4 Nc6 3. cxd5 Qxd5 4. e3 e5 5. Nc3 Bb4 6. a3 Bxc3+ 7. bxc3 Nf6 8.
c4 Qd6 9. d5 Nb8 10. a4 Nbd7 11. Ba3 Nc5 12. Ne2 O-O 13. Nc3 a6 14. a5 Bd7 15.
Bd3 Rfb8 16. O-O b6 17. axb6 cxb6 18. Qc2 h6 19. f3 Qc7 20. g4 Nxd3 21. Qxd3
Rc8 22. Ne4 Qxc4 23. Nxf6+ gxf6 24. Qd2 Qc3 25. Qf2 Qc2 26. Qh4 Qg6 27. Be7 Kg7
28. Kh1 Qg5 29. Qf2 Rc3 30. f4 exf4 31. Qxf4 Qxf4 32. Rxf4 Rxe3 33. Bxf6+ Kg6
34. Bd4 Rd3 35. Raf1 Re8 36. Bxb6 Rxd5 37. Rf6+ Kg5 38. Rxf7 Kxg4 39. Rg7+ Kh5
40. Rfg1 Bh3 1/2-1/2

[Event "21. SCHACHFESTIVAL BASEL 2019 -- GENERAL"]
[Site "?"]
[Date "2019.01.05"]
[Round "6.2"]
[White "Molano Lafuente, Ismael"]
[Black "Schaub, Marc"]
[Result "0-1"]
[WhiteElo "1935"]
[BlackElo "1947"]
[PlyCount "98"]
[EventDate "2019.01.02"]

1. f4 c5 2. Nf3 Nc6 3. d3 d5 4. g3 e6 5. Bg2 Be7 6. c3 Qb6 7. Na3 Nh6 8. Nc2
O-O 9. O-O Rd8 10. Qe1 f6 11. Kh1 Bd7 12. e4 d4 13. c4 Nf7 14. Qe2 Kh8 15. g4
f5 16. gxf5 exf5 17. e5 Be6 18. Nce1 Rg8 19. Rg1 Qc7 20. h4 h6 21. Bh3 g6 22.
Qf2 Rg7 23. Rg2 Rag8 24. Rh2 Rh7 25. Bg2 Rgg7 26. Kg1 g5 27. hxg5 hxg5 28.
Rxh7+ Rxh7 29. fxg5 Nfxe5 30. Nxe5 Nxe5 31. Bf4 Bd6 32. Bxe5+ Bxe5 33. Qe2 Qd6
34. g6 Rh6 35. Qf3 Bf4 36. Qxb7 Be3+ 37. Kf1 Rxg6 38. Qa8+ Kh7 39. Qb7+ Bd7 40.
Qd5 Qf4+ 41. Qf3 Qh2 42. Qh3+ Qxh3 43. Bxh3 Rg1+ 44. Ke2 Kg6 45. Nc2 Rg3 46.
Bf1 f4 47. b4 Bg4+ 48. Ke1 Rg1 49. bxc5 f3 0-1